Studies in the upapuranas / (Record no. 136804)

MARC details
000 -LEADER
fixed length control field 00594nam a22002177a 4500
010 ## - LIBRARY OF CONGRESS CONTROL NUMBER
LC control number 138044
020 ## - INTERNATIONAL STANDARD BOOK NUMBER
Terms of availability 25.00
035 ## - SYSTEM CONTROL NUMBER
System control number 138044
037 ## - SOURCE OF ACQUISITION
Source of stock number/acquisition Cen Lib / Ret
040 ## - CATALOGING SOURCE
Original cataloging agency DPL
Language of cataloging EN
082 ## - DEWEY DECIMAL CLASSIFICATION NUMBER
Classification number 230.22
Item number HAZ
100 ## - MAIN ENTRY--PERSONAL NAME
Personal name Hazra, R. C.
245 ## - TITLE STATEMENT
Title Studies in the upapuranas /
Statement of responsibility, etc by R. C. Hazra
260 ## - PUBLICATION, DISTRIBUTION, ETC. (IMPRINT)
Place of publication, distribution, etc Calcutta
Name of publisher, distributor, etc Oriental Press
270 ## - ADDRESS
Address 9. Panchanan Ghose Lane
City Calcutta
300 ## - PHYSICAL DESCRIPTION
Extent (v 1. 398p)
Other physical details 24cm(Hb)
505 ## - FORMATTED CONTENTS NOTE
Formatted contents note v 1. Saura and Vaisnava Upapuranas ;
650 ## - SUBJECT ADDED ENTRY--TOPICAL TERM
Topical term or geographic name as entry element Puranas.
650 ## - SUBJECT ADDED ENTRY--TOPICAL TERM
Topical term or geographic name as entry element Upapurāṇa.
942 ## - ADDED ENTRY ELEMENTS (KOHA)
Source of classification or shelving scheme Dewey Decimal Classification
Koha item type English Books
Classification part 230.22
Call number suffix HAZ
Holdings
Withdrawn status Lost status Materials specified (bound volume or other part) Damaged status Not for loan Home library Current library Date acquired Source of acquisition Cost, normal purchase price Total Checkouts Full call number Barcode Date last seen Copy number Cost, replacement price Price effective from Koha item type
    v 1     Central Library Central Library 09/03/2016 Cen Lib/Ret 25.00   230.22 HAZ 138044 09/03/2016 1 25.00 09/03/2016 English Books

© Delhi Public Library
Hit Counter
free hit counter